000 00343nam a2200133 i 4500
001 bg
100 1 _aBUKOWSKI, Bronisław.
245 0 _aTechnologia betonu.
_nCz. 1,
_pSpoiwo, kruszywa, woda /
_cBronisław Bukowski.
260 _aWarszawa,
_c1963.
040 _cBPK
041 _apol
942 _cKS
008 s pl f |000 0 pol
999 _c4767
_d4767
856 _uhttp://koha.tu.koszalin.pl/cgi-bin/koha/opac-detail.pl?biblionumber=4767
_yKatalog online BPK